[Event "Sarkany-Aranytiz IM"]
[Site "Budapest"]
[Date "2016.08.19"]
[Round "1.1"]
[White "Balint, Vilmos"]
[Black "Krstulovic, Alex"]
[Result "1-0"]
[WhiteElo "2369"]
[BlackElo "2270"]
[PlyCount "47"]
[EventDate "2016.08.19"]
[EventType "tourn"]
[EventRounds "9"]
[EventCountry "HUN"]
[EventCategory "3"]

1. Nf3 d5 2. d4 Nf6 3. Bf4 c5 4. e3 Nc6 5. Nbd2 e6 6. c3 Be7 7. h3 O-O 8. Bd3
Qb6 9. Qc2 Bd7 10. Ne5 h6 11. Ng4 Rfc8 12. Qb1 cxd4 13. exd4 Na5 14. Be5 Qd8
15. Nf3 b5 16. Qc1 Nc4 17. Bf4 Bf8 18. Nxh6+ gxh6 19. Bxh6 Bxh6 20. Qxh6 Ne4
21. Bxe4 dxe4 22. Ng5 Nd6 23. h4 Qe8 24. Nh7 1-0

[Event "Sarkany-Aranytiz IM"]
[Site "Budapest"]
[Date "2016.08.19"]
[Round "1.2"]
[White "Zentai, Peter"]
[Black "Wenninger, Philipp"]
[Result "1-0"]
[WhiteElo "2225"]
[BlackElo "2356"]
[PlyCount "115"]
[EventDate "2016.08.19"]
[EventType "tourn"]
[EventRounds "9"]
[EventCountry "HUN"]
[EventCategory "3"]

1. d4 c6 2. c4 Nf6 3. Nf3 d5 4. e3 Bg4 5. Qb3 Qb6 6. Nc3 e6 7. Nh4 Bh5 8. h3
Be7 9. g4 Bg6 10. Nxg6 hxg6 11. Bg2 g5 12. Bd2 Nbd7 13. O-O-O a5 14. c5 Qxb3
15. axb3 b6 16. cxb6 Nxb6 17. Kc2 Kd7 18. Ra1 Bb4 19. f3 Rhc8 20. e4 c5 21.
dxc5 Rxc5 22. Be3 Rc6 23. Bf1 Bc5 24. Bxg5 Kd6 25. Bb5 Rcc8 26. Rhe1 Nh7 27.
e5+ Kc7 28. Bd2 Kb7 29. Kd3 Nf8 30. f4 Nfd7 31. Na4 Rh8 32. Rh1 Bb4 33. Rac1
Nxa4 34. Bxa4 Nc5+ 35. Ke2 Rac8 36. Be3 Rc7 37. h4 Rhc8 38. h5 Ka6 39. g5 Ne4
40. Rxc7 Rxc7 41. Rc1 Rxc1 42. Bxc1 Bf8 43. Be3 f6 44. g6 Ng3+ 45. Kf3 Nf5 46.
Bf2 d4 47. Bd7 fxe5 48. fxe5 Kb6 49. Bxe6 Ne3 50. Ke4 Kc5 51. Bh4 Nf1 52. Bc4
Nd2+ 53. Kd3 Nf3 54. Bg3 Ng5 55. e6 Nf3 56. h6 gxh6 57. e7 Bxe7 58. g7 1-0

[Event "Sarkany-Aranytiz IM"]
[Site "Budapest"]
[Date "2016.08.19"]
[Round "1.3"]
[White "Skomorokhin, Roman"]
[Black "Berta, Sandor"]
[Result "1-0"]
[WhiteElo "2395"]
[BlackElo "2229"]
[PlyCount "87"]
[EventDate "2016.08.19"]
[EventType "tourn"]
[EventRounds "9"]
[EventCountry "HUN"]
[EventCategory "3"]

1. d4 Nf6 2. c4 g6 3. Nf3 Bg7 4. g3 O-O 5. Bg2 d6 6. O-O c6 7. Nc3 Qa5 8. e4
Bg4 9. h3 Bxf3 10. Bxf3 Nfd7 11. Be3 c5 12. dxc5 Nxc5 13. Nd5 Qd8 14. Rb1 Nc6
15. b4 Ne6 16. Bg2 Ncd4 17. f4 f5 18. exf5 Nxf5 19. Bf2 Rc8 20. Re1 Qd7 21. Qd3
Rf7 22. g4 Nfd4 23. Re4 b5 24. cxb5 Rc2 25. Bxd4 Nxd4 26. Rxd4 Bxd4+ 27. Qxd4
Qxb5 28. Re1 Re2 29. Rc1 e5 30. Qc4 Qxc4 31. Rxc4 Rxa2 32. g5 h6 33. fxe5 dxe5
34. Nf6+ Kg7 35. h4 Rd2 36. Rc8 hxg5 37. hxg5 Rf8 38. Rc7+ Rf7 39. Rc8 Rf8 40.
Rc5 Rd4 41. b5 Rd6 42. Rc7+ Rf7 43. Ne8+ Kg8 44. Rxf7 1-0

[Event "Sarkany-Aranytiz IM"]
[Site "Budapest"]
[Date "2016.08.19"]
[Round "1.4"]
[White "Gschnitzer, Adrian"]
[Black "Tompa, Janos"]
[Result "1/2-1/2"]
[WhiteElo "2225"]
[BlackElo "2380"]
[PlyCount "25"]
[EventDate "2016.08.19"]
[EventType "tourn"]
[EventRounds "9"]
[EventCountry "HUN"]
[EventCategory "3"]

1. e4 d6 2. d4 g6 3. Nc3 Nf6 4. f4 Bg7 5. Nf3 c5 6. Bb5+ Bd7 7. e5 Ng4 8. e6
fxe6 9. Ng5 Bxb5 10. Nxe6 Bxd4 11. Nxd8 Bf2+ 12. Kd2 Be3+ 13. Ke1 1/2-1/2

[Event "Sarkany-Aranytiz IM"]
[Site "Budapest"]
[Date "2016.08.19"]
[Round "1.5"]
[White "Lyell, Mark"]
[Black "Galyas, Miklos"]
[Result "1/2-1/2"]
[WhiteElo "2238"]
[BlackElo "2460"]
[PlyCount "48"]
[EventDate "2016.08.19"]
[EventType "tourn"]
[EventRounds "9"]
[EventCountry "HUN"]
[EventCategory "3"]

1. e4 d6 2. Nc3 Nf6 3. d4 g6 4. Be3 c6 5. f3 b5 6. Qd2 Nbd7 7. O-O-O Nb6 8. Bd3
Nc4 9. Bxc4 bxc4 10. e5 Nd5 11. Nxd5 cxd5 12. Ne2 e6 13. Bg5 Qb6 14. Bf6 Rb8
15. Qc3 Rg8 16. a3 Bd7 17. g4 Rb7 18. f4 dxe5 19. fxe5 Ba4 20. h4 h6 21. Rdf1
Kd7 22. Rh3 Kc8 23. Rhf3 Kb8 24. R1f2 a6 1/2-1/2

[Event "Sarkany-Aranytiz IM"]
[Site "Budapest"]
[Date "2016.08.21"]
[Round "2.1"]
[White "Krstulovic, Alex"]
[Black "Galyas, Miklos"]
[Result "0-1"]
[WhiteElo "2270"]
[BlackElo "2460"]
[PlyCount "64"]
[EventDate "2016.08.19"]
[EventType "tourn"]
[EventRounds "9"]
[EventCountry "HUN"]
[EventCategory "3"]

1. d4 d6 2. Nf3 g6 3. g3 Bg7 4. Bg2 Nf6 5. O-O O-O 6. c4 Nbd7 7. e3 e5 8. Nc3
c6 9. a4 Re8 10. a5 a6 11. Qc2 e4 12. Nd2 d5 13. cxd5 cxd5 14. b4 Nf8 15. Na4
Bf5 16. Nb6 Rb8 17. Ba3 N8d7 18. Nxd7 Qxd7 19. Nb3 Bh3 20. Nc5 Qf5 21. Rfc1 h5
22. Qe2 Bg4 23. Qf1 h4 24. h3 hxg3 25. hxg4 Nxg4 26. fxg3 Qg5 27. Qf4 Qh5 28.
Nd7 g5 29. Qd6 Qh2+ 30. Kf1 Nxe3+ 31. Kf2 Ng4+ 32. Kf1 Bxd4 0-1

[Event "Sarkany-Aranytiz IM"]
[Site "Budapest"]
[Date "2016.08.21"]
[Round "2.2"]
[White "Tompa, Janos"]
[Black "Lyell, Mark"]
[Result "1-0"]
[WhiteElo "2380"]
[BlackElo "2238"]
[PlyCount "79"]
[EventDate "2016.08.19"]
[EventType "tourn"]
[EventRounds "9"]
[EventCountry "HUN"]
[EventCategory "3"]

1. e4 e6 2. d4 d5 3. Nd2 Nf6 4. e5 Nfd7 5. Bd3 c5 6. c3 Nc6 7. Ne2 cxd4 8. cxd4
f6 9. exf6 Nxf6 10. O-O Bd6 11. Nf3 Qc7 12. Ng3 O-O 13. Bd2 Bd7 14. Rc1 Qb6 15.
Bc3 Bf4 16. Rc2 Nb4 17. Bxb4 Qxb4 18. a3 Qb6 19. Rc3 Rac8 20. Rb3 Qc7 21. Qe2
Ng4 22. Bb5 Rce8 23. Bxd7 Qxd7 24. h3 Nf6 25. Ne5 Qc7 26. Re1 Nd7 27. Nxd7 Qxd7
28. Qg4 Bd2 29. Re2 Rf4 30. Qh5 g6 31. Qe5 Qc6 32. Rxd2 Qc1+ 33. Nf1 Re4 34.
Rc3 Qb1 35. Qg3 Re1 36. Qd3 Qa1 37. f4 e5 38. dxe5 d4 39. Rc7 Rf8 40. Rf2 1-0

[Event "Sarkany-Aranytiz IM"]
[Site "Budapest"]
[Date "2016.08.21"]
[Round "2.3"]
[White "Berta, Sandor"]
[Black "Gschnitzer, Adrian"]
[Result "1-0"]
[WhiteElo "2229"]
[BlackElo "2225"]
[PlyCount "67"]
[EventDate "2016.08.19"]
[EventType "tourn"]
[EventRounds "9"]
[EventCountry "HUN"]
[EventCategory "3"]

1. Nf3 d5 2. g3 c5 3. Bg2 Nc6 4. O-O e6 5. c4 Nf6 6. cxd5 exd5 7. d4 Be6 8. Nc3
Be7 9. dxc5 Bxc5 10. Bg5 O-O 11. Rc1 Be7 12. Nd4 h6 13. Nxe6 fxe6 14. Bxf6 Bxf6
15. e4 d4 16. Na4 Be7 17. Qb3 Qd7 18. Bh3 Rf6 19. f4 Na5 20. Qc2 b5 21. Nc5
Bxc5 22. Qxc5 Nc4 23. Rfd1 Rd8 24. b3 Ne3 25. Rd3 Kh8 26. Qe5 Rc8 27. Rxc8+
Qxc8 28. Qxd4 Qc1+ 29. Kf2 Nc2 30. Qc3 b4 31. Qd2 Qb1 32. Rd8+ Kh7 33. e5 Rg6
34. Bf1 1-0

[Event "Sarkany-Aranytiz IM"]
[Site "Budapest"]
[Date "2016.08.21"]
[Round "2.4"]
[White "Wenninger, Philipp"]
[Black "Skomorokhin, Roman"]
[Result "1/2-1/2"]
[WhiteElo "2356"]
[BlackElo "2395"]
[PlyCount "86"]
[EventDate "2016.08.19"]
[EventType "tourn"]
[EventRounds "9"]
[EventCountry "HUN"]
[EventCategory "3"]

1. d4 Nf6 2. c4 e6 3. Nc3 Bb4 4. e3 Bxc3+ 5. bxc3 c5 6. Bd3 d6 7. Nf3 Nc6 8. e4
e5 9. d5 Ne7 10. h3 Ng6 11. Be3 Bd7 12. Nd2 h6 13. O-O Qe7 14. Rb1 Rb8 15. Kh2
Nh7 16. Qf3 Nh4 17. Qh5 g5 18. Qe2 Ng6 19. g3 Nf6 20. f3 Kf8 21. Kg2 Kg7 22.
Rb2 Rbg8 23. Kh2 Bc8 24. Nb3 Kf8 25. Rfb1 Nh5 26. Qf2 Ngf4 27. Bf1 Qd7 28. Bxc5
b6 29. Ba3 Nxh3 30. Bxd6+ Qxd6 31. Bxh3 Bxh3 32. Kxh3 g4+ 33. Kh2 gxf3 34. Qxf3
Rxg3 35. Qxh5 Rg5 36. Qf3 Qg6 37. Rg2 Rxg2+ 38. Qxg2 Qh5+ 39. Qh3 Qe2+ 40. Qg2
Qh5+ 41. Qh3 Qe2+ 42. Qg2 Qh5+ 43. Qh3 Qe2+ 1/2-1/2

[Event "Sarkany-Aranytiz IM"]
[Site "Budapest"]
[Date "2016.08.21"]
[Round "2.5"]
[White "Balint, Vilmos"]
[Black "Zentai, Peter"]
[Result "1/2-1/2"]
[WhiteElo "2369"]
[BlackElo "2225"]
[PlyCount "127"]
[EventDate "2016.08.19"]
[EventType "tourn"]
[EventRounds "9"]
[EventCountry "HUN"]
[EventCategory "3"]

1. b3 d5 2. Bb2 Bg4 3. h3 Bh5 4. g4 Bg6 5. Nf3 e6 6. d3 Nf6 7. Nbd2 Nbd7 8. Bg2
Bd6 9. e4 dxe4 10. dxe4 e5 11. Nh4 Bc5 12. Nf5 O-O 13. Qe2 c6 14. O-O-O Qc7 15.
Bf3 Bxf5 16. exf5 Rfe8 17. g5 Nd5 18. Ne4 Bf8 19. c4 Nf4 20. Qe3 b5 21. cxb5
cxb5+ 22. Kb1 Rac8 23. f6 g6 24. Bg4 Rcd8 25. Rc1 Qb8 26. Rhd1 Nb6 27. Nc5 Bxc5
28. Rxc5 Rxd1+ 29. Bxd1 Qd6 30. Bf3 e4 31. Bxe4 Ng2 32. Qc1 Rxe4 33. Rc6 Qd3+
34. Qc2 Ne1 35. Qxd3 Nxd3 36. Rd6 Re1+ 37. Kc2 Nb4+ 38. Kc3 N4d5+ 39. Kd4 Nc7
40. Rd8+ Re8 41. Rxe8+ Nxe8 42. Kc5 Nc7 43. Bc1 Kf8 44. Kc6 Nbd5 45. Bb2 Ke8
46. Be5 Kd8 47. a3 a5 48. h4 Kc8 49. f4 b4 50. a4 Kd8 51. Bd6 Kc8 52. Be5 Kd8
53. Bd4 Kc8 54. Kd6 Kd8 55. Bc5 Ke8 56. Ba7 Kd8 57. Bb8 Na6 58. Ba7 Nac7 59.
Bd4 Ke8 60. Be5 Kd8 61. Kc6 Kc8 62. Kd6 Kd8 63. Bd4 Ke8 64. Kc6 1/2-1/2

[Event "Sarkany-Aranytiz IM"]
[Site "Budapest"]
[Date "2016.08.22"]
[Round "3.1"]
[White "Skomorokhin, Roman"]
[Black "Balint, Vilmos"]
[Result "1-0"]
[WhiteElo "2395"]
[BlackElo "2369"]
[PlyCount "43"]
[EventDate "2016.08.19"]
[EventType "tourn"]
[EventRounds "9"]
[EventCountry "HUN"]
[EventCategory "3"]

1. d4 e6 2. Nf3 Nf6 3. e3 b6 4. Bd3 Bb7 5. O-O c5 6. c4 Na6 7. Nc3 Be7 8. d5
exd5 9. cxd5 Nb4 10. Bc4 b5 11. Nxb5 Nbxd5 12. e4 a6 13. exd5 axb5 14. d6 bxc4
15. Re1 Ra6 16. Rxe7+ Kf8 17. Ne5 Bd5 18. Nxd7+ Nxd7 19. Qxd5 Ne5 20. Rxe5 Rxd6
21. Qxc5 Qc7 22. Be3 1-0

[Event "Sarkany-Aranytiz IM"]
[Site "Budapest"]
[Date "2016.08.22"]
[Round "3.2"]
[White "Zentai, Peter"]
[Black "Krstulovic, Alex"]
[Result "1-0"]
[WhiteElo "2225"]
[BlackElo "2270"]
[PlyCount "49"]
[EventDate "2016.08.19"]
[EventType "tourn"]
[EventRounds "9"]
[EventCountry "HUN"]
[EventCategory "3"]

1. d4 d5 2. c4 c6 3. Nc3 Nf6 4. e3 e6 5. Nf3 Nbd7 6. Qc2 a6 7. b3 b5 8. Bd3
bxc4 9. bxc4 dxc4 10. Bxc4 Bb4 11. O-O O-O 12. Rb1 c5 13. Na4 Qe7 14. dxc5 Bxc5
15. Be2 Bd6 16. Nd4 Nd5 17. g3 Nb4 18. Qd2 Ne5 19. Ba3 a5 20. f4 Ng6 21. Nb6
Rb8 22. Nc6 Nxc6 23. Qxd6 Rd8 24. Qxc6 Qxa3 25. Nc4 1-0

[Event "Sarkany-Aranytiz IM"]
[Site "Budapest"]
[Date "2016.08.22"]
[Round "3.3"]
[White "Gschnitzer, Adrian"]
[Black "Wenninger, Philipp"]
[Result "0-1"]
[WhiteElo "2225"]
[BlackElo "2356"]
[PlyCount "56"]
[EventDate "2016.08.19"]
[EventType "tourn"]
[EventRounds "9"]
[EventCountry "HUN"]
[EventCategory "3"]

1. e4 c6 2. d4 d5 3. f3 dxe4 4. fxe4 e5 5. Nf3 Bg4 6. Bc4 Nd7 7. O-O Ngf6 8. c3
Bd6 9. Bg5 O-O 10. Nbd2 Bh5 11. Qc2 Qc7 12. Rae1 Rfe8 13. Kh1 b5 14. Bd3 a6 15.
dxe5 Nxe5 16. Bxf6 gxf6 17. Nh4 Rad8 18. Be2 Bg6 19. Nf5 Bc5 20. Nb3 Ba7 21. g3
c5 22. Nh6+ Kh8 23. Ng4 c4 24. Nd2 Rxd2 25. Qxd2 Bxe4+ 26. Bf3 Nxf3 27. Rxe4
Nxd2 28. Rxe8+ Kg7 0-1

[Event "Sarkany-Aranytiz IM"]
[Site "Budapest"]
[Date "2016.08.22"]
[Round "3.4"]
[White "Lyell, Mark"]
[Black "Berta, Sandor"]
[Result "0-1"]
[WhiteElo "2238"]
[BlackElo "2229"]
[PlyCount "107"]
[EventDate "2016.08.19"]
[EventType "tourn"]
[EventRounds "9"]
[EventCountry "HUN"]
[EventCategory "3"]

1. e4 g6 2. d4 Bg7 3. Nc3 d5 4. exd5 Nf6 5. Bc4 Nbd7 6. Bg5 Nb6 7. Bxf6 Bxf6 8.
Bb3 a5 9. a4 c6 10. dxc6 bxc6 11. Nge2 Ba6 12. Ne4 O-O 13. O-O Bxe2 14. Nxf6+
exf6 15. Qxe2 Qxd4 16. c3 Qf4 17. g3 Qg5 18. Rad1 Qc5 19. Rfe1 Rad8 20. Rxd8
Rxd8 21. Rd1 Rxd1+ 22. Qxd1 Qe7 23. Qf3 c5 24. Qc6 Nd7 25. Bd5 Kg7 26. Kg2 Ne5
27. Qb5 Qd6 28. Qb7 g5 29. f4 gxf4 30. gxf4 Ng6 31. Bxf7 Qd2+ 32. Kf1 Qxf4+ 33.
Ke1 Qc1+ 34. Kf2 Qd2+ 35. Kf1 Ne5 36. Bd5+ Kg6 37. Bf3 Qc1+ 38. Kg2 Qd2+ 39.
Kg3 Qe1+ 40. Kg2 Qd2+ 41. Kg3 Qg5+ 42. Kf2 Qf5 43. b3 Qxf3+ 44. Qxf3 Nxf3 45.
Kxf3 Kf5 46. Ke3 Ke5 47. Kd3 f5 48. Ke3 f4+ 49. Kf3 h5 50. Kf2 Ke4 51. Ke2 f3+
52. Kf2 Kf4 53. h3 h4 54. b4 0-1

[Event "Sarkany-Aranytiz IM"]
[Site "Budapest"]
[Date "2016.08.22"]
[Round "3.5"]
[White "Galyas, Miklos"]
[Black "Tompa, Janos"]
[Result "1-0"]
[WhiteElo "2460"]
[BlackElo "2380"]
[PlyCount "47"]
[EventDate "2016.08.19"]
[EventType "tourn"]
[EventRounds "9"]
[EventCountry "HUN"]
[EventCategory "3"]

1. Nf3 Nf6 2. c4 b6 3. g3 Bb7 4. Bg2 e6 5. O-O Be7 6. b3 O-O 7. Bb2 d5 8. e3 c5
9. Nc3 dxc4 10. bxc4 Nc6 11. Qe2 a6 12. Rab1 Rb8 13. Ba1 Ba8 14. Rfd1 Qc7 15.
Ne1 Na5 16. Bxa8 Rxa8 17. f4 Rfd8 18. Nf3 Nc6 19. Qg2 Nd7 20. g4 Rab8 21. g5 f5
22. gxf6 Bxf6 23. Ng5 Re8 24. Nd5 1-0

[Event "Sarkany-Aranytiz IM"]
[Site "Budapest"]
[Date "2016.08.23"]
[Round "4.1"]
[White "Berta, Sandor"]
[Black "Galyas, Miklos"]
[Result "0-1"]
[WhiteElo "2229"]
[BlackElo "2460"]
[PlyCount "108"]
[EventDate "2016.08.19"]
[EventType "tourn"]
[EventRounds "9"]
[EventCountry "HUN"]
[EventCategory "3"]

1. e4 d6 2. d4 Nf6 3. Nc3 g6 4. Bg5 Bg7 5. e5 Nfd7 6. f4 O-O 7. Nf3 Nb6 8. h3
f6 9. exf6 exf6 10. Bh4 d5 11. Bd3 Nc6 12. O-O Nb4 13. Be2 Bf5 14. Rc1 Qd6 15.
a3 Nc6 16. Qd2 Bh6 17. Bg3 Be4 18. Nh2 f5 19. Nb5 Qd7 20. Rfe1 Rae8 21. Rcd1
Nd8 22. Nc3 c6 23. Bf2 Qc7 24. g3 Nf7 25. Nxe4 Rxe4 26. Nf3 Nd7 27. c4 Nf6 28.
cxd5 Nxd5 29. Bc4 Nd6 30. Bd3 Rxe1+ 31. Rxe1 Nf6 32. Ne5 Nde4 33. Qc2 Kh8 34.
Bxe4 Nxe4 35. d5 Bg7 36. Bd4 Qd8 37. Rd1 cxd5 38. Bxa7 Nxg3 39. Rd3 Qa5 40. Bf2
Ne4 41. b4 Qd8 42. Bc5 Qc8 43. Qa2 Nxc5 44. Rc3 Bxe5 45. fxe5 Qe6 46. Rxc5 Qxe5
47. Rxd5 Qg3+ 48. Qg2 Qxa3 49. Rd7 Qe3+ 50. Kh2 Qe5+ 51. Kh1 Rc8 52. Qxb7 Qe1+
53. Kg2 Rc2+ 54. Kf3 Qf2# 0-1

[Event "Sarkany-Aranytiz IM"]
[Site "Budapest"]
[Date "2016.08.23"]
[Round "4.2"]
[White "Wenninger, Philipp"]
[Black "Lyell, Mark"]
[Result "1-0"]
[WhiteElo "2356"]
[BlackElo "2238"]
[PlyCount "93"]
[EventDate "2016.08.19"]
[EventType "tourn"]
[EventRounds "9"]
[EventCountry "HUN"]
[EventCategory "3"]

1. d4 e6 2. c4 f5 3. g3 Nf6 4. Bg2 c6 5. Nf3 d5 6. O-O Bd6 7. Nc3 O-O 8. Qc2
Ne4 9. Rb1 Nd7 10. b4 b6 11. Nd2 Bb7 12. Ndxe4 fxe4 13. Qb3 Qf6 14. Be3 Qg6 15.
cxd5 cxd5 16. Nb5 Be7 17. Rbc1 Ba6 18. Qa4 Bxb5 19. Qxb5 Nf6 20. Bf4 Nh5 21.
Be3 Nf6 22. Rc3 Ng4 23. Bf4 a5 24. bxa5 Rxa5 25. Qd7 Ba3 26. Bh3 Bb2 27. Rc8
Ra8 28. Rxa8 Rxa8 29. Qc6 Rf8 30. Bd6 Bxd4 31. Bxf8 Kxf8 32. e3 Bc5 33. a4 Ne5
34. Qxe6 Qxe6 35. Bxe6 d4 36. exd4 Bxd4 37. Kg2 Nd3 38. Bb3 Nc5 39. Bc2 Kf7 40.
Rb1 Nd3 41. Bxd3 exd3 42. Rd1 Ke6 43. Rxd3 Kd5 44. Rb3 Kc4 45. Rb5 Bc5 46. f4
Kd5 47. Kf3 1-0

[Event "Sarkany-Aranytiz IM"]
[Site "Budapest"]
[Date "2016.08.23"]
[Round "4.3"]
[White "Krstulovic, Alex"]
[Black "Tompa, Janos"]
[Result "1/2-1/2"]
[WhiteElo "2270"]
[BlackElo "2380"]
[PlyCount "51"]
[EventDate "2016.08.19"]
[EventType "tourn"]
[EventRounds "9"]
[EventCountry "HUN"]
[EventCategory "3"]

1. d4 Nf6 2. c4 e6 3. Nf3 b6 4. g3 Bb7 5. Bg2 Be7 6. O-O O-O 7. Nc3 Na6 8. Nh4
Bxg2 9. Nxg2 d5 10. cxd5 exd5 11. Bg5 h6 12. Bxf6 Bxf6 13. Qa4 Nb8 14. Nf4 c6
15. e3 Qd6 16. Rfd1 Bg5 17. Nce2 Nd7 18. Rac1 Rfc8 19. Rd3 a6 20. Rdc3 c5 21.
dxc5 bxc5 22. Rd3 Nb6 23. Qa3 Qc6 24. Nd4 Qc7 25. Nde2 Qc6 26. Nd4 1/2-1/2

[Event "Sarkany-Aranytiz IM"]
[Site "Budapest"]
[Date "2016.08.23"]
[Round "4.4"]
[White "Balint, Vilmos"]
[Black "Gschnitzer, Adrian"]
[Result "0-1"]
[WhiteElo "2369"]
[BlackElo "2225"]
[PlyCount "64"]
[EventDate "2016.08.19"]
[EventType "tourn"]
[EventRounds "9"]
[EventCountry "HUN"]
[EventCategory "3"]

1. b3 e5 2. Bb2 Nc6 3. e3 Nf6 4. Bb5 Bd6 5. Na3 a6 6. Be2 Be7 7. d4 exd4 8.
exd4 Ne4 9. Nb1 d5 10. Nf3 O-O 11. O-O Bg4 12. Ne5 Bxe2 13. Qxe2 Re8 14. Nxc6
bxc6 15. f3 Ng3 16. hxg3 Bg5 17. Qd3 Be3+ 18. Rf2 Qg5 19. Nc3 Qxg3 20. Nd1 Bf4
21. Re2 Qh2+ 22. Kf1 Qh1+ 23. Kf2 Qh4+ 24. Kg1 Bh2+ 25. Kf1 Bg3 26. Rxe8+ Rxe8
27. Ne3 Qh1+ 28. Ke2 Qxg2+ 29. Kd1 Qxf3+ 30. Kd2 Bf4 31. Re1 Rxe3 32. Rxe3 Qf2+
0-1

[Event "Sarkany-Aranytiz IM"]
[Site "Budapest"]
[Date "2016.08.23"]
[Round "4.5"]
[White "Zentai, Peter"]
[Black "Skomorokhin, Roman"]
[Result "1/2-1/2"]
[WhiteElo "2225"]
[BlackElo "2395"]
[PlyCount "61"]
[EventDate "2016.08.19"]
[EventType "tourn"]
[EventRounds "9"]
[EventCountry "HUN"]
[EventCategory "3"]

1. d4 Nf6 2. c4 e6 3. Nc3 Bb4 4. Qc2 O-O 5. e4 d6 6. e5 dxe5 7. dxe5 Ng4 8. Nf3
Nc6 9. Bf4 Nd4 10. Qe4 c5 11. h3 f5 12. Qd3 Nxf3+ 13. Qxf3 Nh6 14. Be2 Kh8 15.
Bxh6 gxh6 16. Rd1 Qc7 17. Qe3 f4 18. Qe4 Bd7 19. Bf3 Bc6 20. Qe2 Bxf3 21. gxf3
Rf5 22. Rd6 Bxc3+ 23. bxc3 Qg7 24. Rxe6 Qg8 25. Re7 Re8 26. Qe4 Rg5 27. Rxe8
Qxe8 28. e6 Qb8 29. Kd2 Re5 30. Qd3 Rxe6 31. Re1 1/2-1/2

[Event "Sarkany-Aranytiz IM"]
[Site "Budapest"]
[Date "2016.08.24"]
[Round "5.1"]
[White "Skomorokhin, Roman"]
[Black "Krstulovic, Alex"]
[Result "1-0"]
[WhiteElo "2395"]
[BlackElo "2270"]
[PlyCount "91"]
[EventDate "2016.08.19"]
[EventType "tourn"]
[EventRounds "9"]
[EventCountry "HUN"]
[EventCategory "3"]

1. d4 d5 2. Nf3 Nf6 3. c4 c6 4. e3 Bg4 5. cxd5 cxd5 6. h3 Bxf3 7. Qxf3 e6 8.
Nc3 Nc6 9. Bd3 Bd6 10. Qe2 O-O 11. f4 a6 12. O-O b5 13. Bd2 Ne7 14. Be1 b4 15.
Nb1 a5 16. Nd2 Nd7 17. Bh4 f6 18. Rac1 Qb6 19. Qg4 f5 20. Qd1 Nf6 21. Qa4 Rfc8
22. Nb3 Rxc1 23. Rxc1 Ra7 24. g4 Kf7 25. Bxf6 gxf6 26. gxf5 exf5 27. Kf2 Ra8
28. Be2 Ra7 29. Bh5+ Ng6 30. Bf3 Ne7 31. h4 Rc7 32. Bh5+ Ng6 33. Rxc7+ Qxc7 34.
Qxa5 Qc2+ 35. Be2 Qe4 36. Bf3 Qc2+ 37. Be2 Ne7 38. Qa6 Qc7 39. Bh5+ Kg7 40. Qd3
Qa7 41. Nc1 Qc7 42. Ne2 Qc8 43. Bf3 Kf7 44. Bg2 Ke6 45. Bh3 Kf7 46. Qb1 1-0

[Event "Sarkany-Aranytiz IM"]
[Site "Budapest"]
[Date "2016.08.24"]
[Round "5.2"]
[White "Gschnitzer, Adrian"]
[Black "Zentai, Peter"]
[Result "0-1"]
[WhiteElo "2225"]
[BlackElo "2225"]
[PlyCount "90"]
[EventDate "2016.08.19"]
[EventType "tourn"]
[EventRounds "9"]
[EventCountry "HUN"]
[EventCategory "3"]

1. e4 e6 2. d4 d5 3. Nd2 h6 4. Ngf3 Nf6 5. Bd3 c5 6. c3 Nc6 7. O-O cxd4 8. cxd4
dxe4 9. Nxe4 Be7 10. b3 O-O 11. Bb2 Nb4 12. Nxf6+ Bxf6 13. Be4 Nd5 14. Ne5 Bd7
15. a4 Bxe5 16. dxe5 Bc6 17. Qf3 Qg5 18. Rfd1 Rfd8 19. g3 Rd7 20. h4 Qd8 21.
Rac1 Nb4 22. Rxd7 Qxd7 23. Bxc6 Nxc6 24. Rd1 Qc7 25. Rd6 Ne7 26. Qd3 Nd5 27.
Qd4 a6 28. Qc4 Rc8 29. Qxc7 Rxc7 30. Rd8+ Kh7 31. Rb8 Kg6 32. Kg2 Kf5 33. Kf3
h5 34. Bd4 Ne7 35. Rh8 g6 36. Ke3 Nc6 37. Bb6 Rd7 38. f4 Kg4 39. Kf2 Rd2+ 40.
Ke1 Rd7 41. Kf2 Ne7 42. Kg2 Nf5 43. Bf2 Rd2 44. Rc8 Nxg3 45. f5 exf5 0-1

[Event "Sarkany-Aranytiz IM"]
[Site "Budapest"]
[Date "2016.08.24"]
[Round "5.3"]
[White "Lyell, Mark"]
[Black "Balint, Vilmos"]
[Result "1-0"]
[WhiteElo "2238"]
[BlackElo "2369"]
[PlyCount "33"]
[EventDate "2016.08.19"]
[EventType "tourn"]
[EventRounds "9"]
[EventCountry "HUN"]
[EventCategory "3"]

1. e4 e5 2. Nc3 Nf6 3. g3 Bc5 4. Bg2 h5 5. Nf3 Ng4 6. d4 exd4 7. Na4 d6 8. h3
Nh6 9. Nxd4 Bd7 10. Nxc5 dxc5 11. Nb3 b6 12. Qxh5 Qe7 13. Bg5 Qf8 14. Qe2 Nc6
15. O-O-O f6 16. e5 Qe7 17. e6 1-0

[Event "Sarkany-Aranytiz IM"]
[Site "Budapest"]
[Date "2016.08.24"]
[Round "5.4"]
[White "Galyas, Miklos"]
[Black "Wenninger, Philipp"]
[Result "1/2-1/2"]
[WhiteElo "2460"]
[BlackElo "2356"]
[PlyCount "75"]
[EventDate "2016.08.19"]
[EventType "tourn"]
[EventRounds "9"]
[EventCountry "HUN"]
[EventCategory "3"]

1. Nf3 d5 2. c4 c6 3. g3 Nf6 4. Bg2 Bg4 5. Ne5 Be6 6. O-O Nbd7 7. cxd5 Bxd5 8.
Nf3 e5 9. Nc3 Bd6 10. d4 Bxf3 11. Bxf3 O-O 12. dxe5 Nxe5 13. Bg2 Re8 14. Bg5
Be7 15. Qxd8 Raxd8 16. Rfd1 Nc4 17. b3 Nb6 18. Kf1 h6 19. Bf4 Bb4 20. Rxd8 Rxd8
21. Rd1 Rxd1+ 22. Nxd1 a5 23. e4 a4 24. Nb2 axb3 25. axb3 Nfd7 26. Ke2 Nc5 27.
Nd3 Nxd3 28. Kxd3 Bc5 29. f3 Kf8 30. Bd2 Ke7 31. f4 h5 32. h3 Bf2 33. g4 hxg4
34. hxg4 Nd7 35. b4 f6 36. Bh3 Bg1 37. Bc3 Bh2 38. Bd2 1/2-1/2

[Event "Sarkany-Aranytiz IM"]
[Site "Budapest"]
[Date "2016.08.24"]
[Round "5.5"]
[White "Tompa, Janos"]
[Black "Berta, Sandor"]
[Result "1-0"]
[WhiteElo "2380"]
[BlackElo "2229"]
[PlyCount "99"]
[EventDate "2016.08.19"]
[EventType "tourn"]
[EventRounds "9"]
[EventCountry "HUN"]
[EventCategory "3"]

1. e4 c6 2. Nc3 d5 3. Nf3 Nf6 4. e5 Ne4 5. Qe2 Nxc3 6. dxc3 e6 7. Bf4 Be7 8. h4
Qb6 9. O-O-O Qa5 10. Kb1 b5 11. Nd4 b4 12. cxb4 Qxb4 13. Qg4 Bd7 14. Qxg7 Rf8
15. Bg5 c5 16. Bxe7 Kxe7 17. Qg5+ Ke8 18. Nf3 Nc6 19. Qd2 Qb6 20. c3 Rb8 21.
Ka1 Rg8 22. Ng5 Nxe5 23. Nxh7 Ke7 24. Rb1 Rg4 25. b3 Qa5 26. f3 Rg7 27. b4 Qc7
28. Ng5 cxb4 29. cxb4 a5 30. b5 Qc5 31. Rc1 Qa3 32. Qc3 Qxc3+ 33. Rxc3 f6 34.
Nh3 d4 35. Rc1 a4 36. Rb1 Kd6 37. Nf4 Nf7 38. g4 e5 39. Nh5 Rg6 40. Ng3 Rh6 41.
Bd3 Kc5 42. Ne4+ Kb6 43. Rb4 Ka5 44. a3 Bxb5 45. Rh2 Nd8 46. Rhb2 Bxd3 47. Rxb8
Rxh4 48. Ra8+ Ba6 49. Nc5 Rh1+ 50. Ka2 1-0

[Event "Sarkany-Aranytiz IM"]
[Site "Budapest"]
[Date "2016.08.25"]
[Round "6.1"]
[White "Krstulovic, Alex"]
[Black "Berta, Sandor"]
[Result "1-0"]
[WhiteElo "2270"]
[BlackElo "2229"]
[PlyCount "55"]
[EventDate "2016.08.19"]
[EventType "tourn"]
[EventRounds "9"]
[EventCountry "HUN"]
[EventCategory "3"]

1. d4 Nf6 2. c4 c5 3. d5 e6 4. Nc3 exd5 5. cxd5 Bd6 6. Bg5 O-O 7. Nf3 Re8 8. e3
Bc7 9. d6 Ba5 10. Bd3 Bxc3+ 11. bxc3 h6 12. Bh4 Nc6 13. O-O b6 14. Re1 Bb7 15.
e4 g5 16. Bg3 Nh5 17. e5 Nxg3 18. hxg3 f6 19. Bc4+ Kh8 20. e6 dxe6 21. Bxe6 Kg7
22. Qd3 Nb8 23. Bg4 Rxe1+ 24. Rxe1 Nc6 25. Bh5 Qf8 26. d7 Ne7 27. Qd6 Nc6 28.
Qc7 1-0